| 000 | 00415nam a2200133Ia 4500 | ||
|---|---|---|---|
| 003 | SGT | ||
| 020 | _a9789380097732 | ||
| 245 | 2 | _aA textbook of Engineering physics | |
| 260 |
_bVayu Education of India _aNew Delhi _c2010 |
||
| 300 | _a696p. | ||
| 650 | _aENGINEERING PHYSICS | ||
| 653 | _aINTERFERENCE OF LIGHT, DIFFRACTION OF LIGHT, POLARIZATION OF LIGHT, LASERS, FIBBER OPTICS, BONDING IN SOLIDS | ||
| 942 |
_2ddc _cBK |
||
| 999 |
_c5706 _d5706 |
||